1721 1320 1120 1319 1685 1584 1224 1529 1344 1107 1012 1406 1356 1100 1238 1356 1467 1646 1232 1943 1746 1484 1642 1383 1967 1950 1500 1188 1667 1998 1396 1865 1030 1452 1476 1180 1922 1191 1676 1549 1065 1621 1855 1423 1097 1427 1774 1357 1802 1066 1204 1500 1912 1689 1267 1230 1737 1899 1661 1112 1741 1251 1831 1318 1417 1912 1633 1747 1103 1131 1674 1703 1213 1001 1923 1632 1653 1177 1491 1116 1881 1529 1440 1057 1712 1915 1551 1796 1218 1639 1911 1804 1152 1047 1477 1551 1192 1871 1356 BCNSPRNW ULIB Ver.6.0+V

เปลี่ยนเป็นภาษาไทย

Change to English
 แสดงรายละเอียดบรรณานุกรม
  กลับหน้าหลัก

Brief Record : Get Marc (ISO 2709) : E-mail record : QR code < ปิดหน้าต่าง
LEADER : 00000nam 2200000uu 4500
001    13399111377
003     ULIB
008    110623s||||||||th 000 0 tha d
020    9749396154
050  4 BL1148.T35^bช149ส 2549
100 0  ชนาธิป ศิริปัญญาวงศ์
245 10 สะกดจิตบำบัดโรค /^cชนาธิป ศิริปัญญาวงศ์
260    กรุงเทพฯ :^bAnit Publishing,^c2549
300    191 หน้า ;^c20 ซม.
650  7 สะกดจิต
945    ^p165^l0^i022993
945    ^p165^l0^i022994
995    ทศพร
999 ^a ใช้งานได้ทุกระบบ
รายการนี้ยังไม่มีแท็ก
คุณยังไม่ได้ล็อกอิน คุณสามารถมีกิจกรรมร่วมกับเว็บไซต์ได้ แต่ต้องล็อกอินก่อน ::
  ล็อกอิน

รายการสื่อสารสนเทศ

ลำดับที่ ประเภท เลขเรียก/บาร์โค้ด สถานที่ สถานะ
- ไม่พบข้อมูล -

รายการใกล้เคียง
    ผู้แต่ง [ชนาธิป ศิริปัญญาวงศ์]

    หัวเรื่อง [สะกดจิต]

BibComment


ยังไม่เคยถูกคอมเมนท์

คอมเมนท์ทรัพยากรรายการนี้
  คอมเมนท์: สะกดจิตบำบัดโรค ..


 Copyright 2026. Bcnsprnw @Library